<?xml version="1.0" encoding="UTF-8"?><?xml-stylesheet type="text/xsl" href="static/style.xsl"?><OAI-PMH xmlns="http://www.openarchives.org/OAI/2.0/" xmlns:xsi="http://www.w3.org/2001/XMLSchema-instance" xsi:schemaLocation="http://www.openarchives.org/OAI/2.0/ http://www.openarchives.org/OAI/2.0/OAI-PMH.xsd"><responseDate>2026-04-17T03:48:43Z</responseDate><request verb="GetRecord" identifier="oai:www.recercat.cat:20.500.14342/2203" metadataPrefix="marc">https://recercat.cat/oai/request</request><GetRecord><record><header><identifier>oai:recercat.cat:20.500.14342/2203</identifier><datestamp>2025-05-21T23:39:44Z</datestamp><setSpec>com_2072_482405</setSpec><setSpec>com_2072_183628</setSpec><setSpec>col_2072_482411</setSpec></header><metadata><record xmlns="http://www.loc.gov/MARC21/slim" xmlns:dcterms="http://purl.org/dc/terms/" xmlns:xsi="http://www.w3.org/2001/XMLSchema-instance" xmlns:doc="http://www.lyncode.com/xoai" xsi:schemaLocation="http://www.loc.gov/MARC21/slim http://www.loc.gov/standards/marcxml/schema/MARC21slim.xsd">
   <leader>00925njm 22002777a 4500</leader>
   <datafield ind2=" " ind1=" " tag="042">
      <subfield code="a">dc</subfield>
   </datafield>
   <datafield ind2=" " ind1=" " tag="720">
      <subfield code="a">Campreciós Orriols, Meritxell</subfield>
      <subfield code="e">author</subfield>
   </datafield>
   <datafield ind2=" " ind1=" " tag="720">
      <subfield code="a">Vilaregut, Anna</subfield>
      <subfield code="e">author</subfield>
   </datafield>
   <datafield ind2=" " ind1=" " tag="720">
      <subfield code="a">Virgili Tejedor, Carles</subfield>
      <subfield code="e">author</subfield>
   </datafield>
   <datafield ind2=" " ind1=" " tag="720">
      <subfield code="a">Mercadal Salort, Laura</subfield>
      <subfield code="e">author</subfield>
   </datafield>
   <datafield ind2=" " ind1=" " tag="260">
      <subfield code="c">2014</subfield>
   </datafield>
   <datafield ind2=" " ind1=" " tag="520">
      <subfield code="a">The aim of this study is to get to know and describe the Basic Family&#xd;
Relations, marital and parental functions, in families with a child with an eating&#xd;
disorder and control group families, as well as determine the discriminative&#xd;
cut-off points of the Basic Family Relations Inventory (BFRI) between them.&#xd;
The BFRI was applied to 688 participants of whom 338 (169 families) formed&#xd;
the clinical group and 350 (175 families) the control group. Results presented&#xd;
statistically significant differences in the scores of marital and parental functions&#xd;
between clinical and control families, being the valuation of both functions&#xd;
lower in the clinical group regarding the control group. In turn, the discriminative&#xd;
cut-off points of 55 for marital functions and 42 for parental functions&#xd;
were obtained between both groups of families. These results suggest that&#xd;
more work is still to be done to improve the BFRI’s empirical evaluative and&#xd;
discriminative capacity of the Basic Family Relations in families with a child&#xd;
with an eating disorder and control families as a relational diagnosis tool are&#xd;
discussed.</subfield>
   </datafield>
   <datafield ind2=" " ind1=" " tag="520">
      <subfield code="a">El objetivo de este estudio es conocer y describir las Relaciones Familiares&#xd;
Básicas, Conyugalidad y Parentalidad, de las familias con un hijo con&#xd;
trastorno de la conducta alimentaria (TCA) y familias grupo control, así como&#xd;
determinar los puntos de corte del Cuestionario de Evaluación de las Relaciones&#xd;
Familiares Básicas (CERFB) discriminativos entre ellas. Se administró&#xd;
el CERFB a 688 participantes de los cuales 338 (169 familias) formaron el&#xd;
grupo clínico y 350 (175 familias) el grupo control. Los resultados presentaron&#xd;
diferencias estadísticamente significativas en las puntuaciones de Conyugalidad&#xd;
y Parentalidad entre las familias clínicas y control, siendo la valoración&#xd;
de ambas funciones menor por parte del grupo clínico en relación al&#xd;
grupo control. A su vez, se obtuvieron los puntos de corte discriminativos de&#xd;
55 para Conyugalidad y de 42 para Parentalidad entre los dos grupos de familias.&#xd;
Se discuten estos resultados que apuntan que hay que seguir trabajando&#xd;
para mejorar la capacidad empírica del CERFB de evaluación y discriminación&#xd;
de las Relaciones Familiares Básicas de las familias con un hijo con&#xd;
TCA y familias control como instrumento de diagnóstico relacional.</subfield>
   </datafield>
   <datafield ind1="8" ind2=" " tag="024">
      <subfield code="a">http://hdl.handle.net/20.500.14342/2203</subfield>
   </datafield>
   <datafield tag="653" ind2=" " ind1=" ">
      <subfield code="a">Cuestionario de Evaluación de las Relaciones Familiares Básicas (CERFB)</subfield>
   </datafield>
   <datafield tag="653" ind2=" " ind1=" ">
      <subfield code="a">Trastorns de la conducta alimentària</subfield>
   </datafield>
   <datafield tag="653" ind2=" " ind1=" ">
      <subfield code="a">Família</subfield>
   </datafield>
   <datafield tag="653" ind2=" " ind1=" ">
      <subfield code="a">Relacions humans</subfield>
   </datafield>
   <datafield ind2="0" ind1="0" tag="245">
      <subfield code="a">Relaciones familiares básicas en familias con un hijo con trastorno de la conducta alimentaria</subfield>
   </datafield>
</record></metadata></record></GetRecord></OAI-PMH>